000 00353nam a2200145Ia 4500
008 230711s9999||||xx |||||||||||||| ||und||
041 _aENG
082 _a667
_bSA-P
100 _aSaville,BP
245 0 _aPhysical testing of textile
250 _a1st Ed.
260 _c2002
_aNew Delhi
_bCRC Press Florida
650 _aTextile Engineering
942 _cBK
999 _c3838
_d3838